| 000 | 00847nam a22002177a 4500 | ||
|---|---|---|---|
| 005 | 20240530110548.0 | ||
| 008 | 160208s2013 ua ade g b 000 0 ara d | ||
| 017 |
_a2012/21590 _bمصر . دار الكتب المصرية |
||
| 020 | _a9789771028321 | ||
| 040 | _aEG-CaGPL | ||
| 082 | 0 | 4 |
_221 _a371.3\ _bم ت |
| 100 | 0 | _aمحمد سويلم البسيونى | |
| 245 | 1 | 0 |
_aتفريد تعليم الرياضيات : _b( استراتيجيات و دراسات ) / _cمحمد سويلم البسيونى |
| 250 | _aط1 | ||
| 260 |
_aالقاهرة : _bدار الفكر العربى ، _c2013 . |
||
| 300 |
_a396 ص : _bايض ؛ _c24 سم . |
||
| 504 | _aيشتمل على ارجاعات ببليوجرافية | ||
| 650 | 0 | 4 |
_aالرياضيات _xتعليم و تدريس |
| 942 |
_2ddc _cBK |
||
| 999 |
_c62397 _d62397 |
||